Discurso leido en la solemne sesión celebrada bajo la presidencia de S.M. el Rey D. Alfonso XIII... por el Presidente D. Julio Palacios y Martínez con ocasión de las bodas de plata de la Sociedad. 1903-1928 (Record no. 113366)

MARC details
000 -LEADER
campo de control de longitud fija 00813nam a2200193 4500
001 - NÚMERO DE CONTROL
campo de control 113366
003 - IDENTIFICADOR DE NÚMERO DE CONTROL
campo de control ES-MaACL
005 - FECHA Y HORA DE LA ÚLTIMA TRANSACCIÓN
campo de control 20250910063113.0
007 - CAMPO FIJO DE DESCRIPCIÓN FÍSICA--INFORMACIÓN GENERAL
campo de control de longitud fija t|
008 - DATOS DE LONGITUD FIJA--INFORMACIÓN GENERAL
campo de control de longitud fija 061121s1928 sp r ||||1| spa d
100 1# - ENTRADA PRINCIPAL--NOMBRE DE PERSONA
Nombre de persona Palacios, Julio,
Fechas asociadas al nombre 1891-1970
9 (RLIN) 88408
245 10 - MENCIÓN DEL TÍTULO
Título Discurso leido en la solemne sesión celebrada bajo la presidencia de S.M. el Rey D. Alfonso XIII... por el Presidente D. Julio Palacios y Martínez con ocasión de las bodas de plata de la Sociedad. 1903-1928
Resto del título : tema, su historia.
260 ## - PUBLICACIÓN, DISTRIBUCIÓN, ETC.
Lugar de publicación, distribución, etc. Toledo :
Nombre del editor, distribuidor, etc. [s. n.],
Fecha de publicación, distribución, etc. 1928 (
Fabricante Imp. A. Medina)
300 ## - DESCRIPCIÓN FÍSICA
Extensión 29 p. ;
Dimensiones 23 cm.
594 ## - Nota al título y mención de responsabilidad
Nota al título y mención de responsabilidad Precede al tít.: Real Sociedad Española de Física y Química.
710 2# - ENTRADA AGREGADA--NOMBRE DE ENTIDAD CORPORATIVA
Nombre de entidad corporativa o nombre de jurisdicción como elemento de entrada Real Sociedad Española de Física y Química
9 (RLIN) 6395
852 ## - LOCALIZACIÓN
Ubicación ES-MaACL
Número de control de estantería 1738-F-4
Holdings
Estatus retirado Estado de pérdida Estado de daño No para préstamo Colección Biblioteca de origen Biblioteca actual Ubicación en estantería Fecha de adquisición Fuente de adquisición Total de préstamos Signatura topográfica completa Código de barras Visto por última vez Precio de reemplazo Tipo de ítem Koha
        Colección de folletos Biblioteca del Ateneo de Madrid Biblioteca del Ateneo de Madrid Depósito folletos 17/01/2008     1738-F-4 1118241 23/02/2023 23/02/2023 Folleto